00972cam a22002417a 4500003000500000005001700005008004100022010001000063011001000073035001000083040000900093100003100102245020200133260004100335300003000376502011200406530003600518650002800554650002900582650002700611650002900638856006300667CHAP20220329142747.0030613s2003 mx r 00010 spa d a87377 a88349 a98894 cCHAP00aMedina Sancén, Herminio.10aEvaluación financiera del proyecto "desarrollo de ganado bovino bajo condiciones de pastoreo intensivo tecnificado para el municipio de Ayotoxco de Guerrero, Pueblac/por Herminio Medina Sancén aChapingo, Méx. :bEl autor,c2003. a53 h. , gráfs. , tablas aTesis (Ing. Agr. Esp. en Economía Agrícola) -- UACH. División de Ciencias Económico Administrativas aTambién disponible en línea14aFinanzasxEvaluación.14aGanado vacunoxPastoreo.14aGanado vacunoxPuebla.14aProyectosxEvaluación. 3Finding aiduhttp://10.13.5.2/tesis/98894.pdfzTeclea aqui